| 000 | 00366nam a22001337a 4500 | ||
|---|---|---|---|
| 082 |
_a530 _bDUN _cL-tech:P-38 |
||
| 100 |
_aDuncan, J _939704 |
||
| 245 |
_aA test book of Physics _cJ,Duncan |
||
| 260 |
_aLondon _bMacmillan and Co, Ltd _c1925 |
||
| 300 |
_ap778. : _bill. ; _c8 cm. |
||
| 526 |
_a0 _b0 _c0 _d530_000000000000000_DUN |
||
| 650 |
_aMCE _9379 |
||
| 942 |
_2ddc _cBK |
||
| 999 |
_c544148 _d544148 |
||